01380aam a2200253 a 4500003001000000005001700010007000300027008004100030020001800071040003000089041000800119100002200127245004300149260004100192300002200233490003600255505002400291505002500315505002400340520068200364650003001046650002901076655002101105AR-RoUNCS20260630172023.0ta260630s2009 ag |r 00| 1 spa d a9789507533143 aAR-RoUNCSbspacAR-RoUNCS aspa0 aSófocleseautor10aAntígona ; Edipo rey / cSófocles. aBuenos Aires : bCántaro,cc2009. a153 p. ; c19 cm.0 aColección del Mirador ; v226 tPuertas de acceso.  tLa obra: Antígona. tLa obra: Edipo rey. aSófocles ha sabido construir la historia de la grandeza y de la miseria de personajes plenamente humanos, por eso, releer a este autor clásico, en nuestros días, es encontrarse con los grandes problemas que han preocupado a los hombres desde siempre y que, paradójicamente, las sociedades más desarrolladas no han podido, todavía, resolver. La confrontación de la justicia humana con la divina y los excesos del poder, en Antígona, o la soberbia y el enfrentamiento del ser con su destino, en Edipo rey, son temas que viven en páginas de incomparable tensión dramática y que convocan al lector, joven y adulto por igual, a una lectura reflexiva y fecunda. 7aMitología griega2embne 7aLiteratura griega2embne 72embneaTragedias